000 00349nam a22001697a 4500
003 UA-OsUOA
001 4421
007 ta
008 20050721b un ||||| |||| 00| 0 ukr d
100 _aGreenwood
700 _aJean
942 _cBK
040 _aUA-OsUOA
_cUA-OsUOA
_dUA-OsUOA
245 _aClass Readers.
_bReading
955 _a2
650 7 _2UDC
999 _c290583
_d290583